Statistics for Weird Facts to Countries

Click here to take the quiz!

General Stats

  • This quiz has been taken 31 times
  • The average score is 5 of 10

Answer Stats

HintAnswer% Correct
In this kingdom, women were given the right to drive in 2018...Saudi Arabia
80%
In this country, it is tradition for people tom eat KFC on Christmas, despite most people not even being Christian...Japan
76%
This country is known for inventing the first model of Tetris...Russia/USSR
72%
The first heart transplant occurred in 1967 in this African country...South Africa
60%
This country has the most languages (about 850)...Papua New Guinea
56%
Women first got the right to vote in this country (in 1893)...New Zealand
40%
This country's tallest building is an abandoned hotel...North Korea
36%
In this country, the weekend is on Thursday and Friday...Iran
32%
Santa Clause comes from this unexacting country...Turkey
32%
The oldest operating bookstore is in this country's capital...Portugal
12%

Score Distribution

Percentile by Number Answered

Percent of People with Each Score

Your Score History

You have not taken this quiz